Prevención de la dislexia y la disortografía: en el cuadro normal de las actividades escolares
Salvato in:
| Autore principale: | |
|---|---|
| Natura: | Libro |
| Lingua: | spagnolo |
| Pubblicazione: |
Buenos Aires
Paidós
1980
|
| Serie: | Biblioteca de psicopedagogía Paidós, 8
|
| Soggetti: | |
| Tags: |
Aggiungi Tag
Nessun Tag, puoi essere il primo ad aggiungerne!!
|
MARC
| LEADER | 00000nam a2200000 a 4500 | ||
|---|---|---|---|
| 001 | UCY8837 | ||
| 003 | CL-VaPUC | ||
| 008 | 950707e19800000AG |||||||||||||||||spa|d | ||
| 082 | 0 | 4 | |a 371.914 |b GIR |2 21 |
| 100 | |a Girolami-Boulinier, Andrée |e author |9 340543 | ||
| 245 | 1 | 0 | |a Prevención de la dislexia y la disortografía: en el cuadro normal de las actividades escolares |
| 300 | |a 123 p | ||
| 942 | |c BK | ||
| 945 | |d 19950707 00:00:00 |a mfernand | ||
| 260 | |a Buenos Aires |b Paidós |c 1980 | ||
| 650 | 0 | |a Educación especial |9 307486 | |
| 650 | 0 | |a Dislexia |9 307487 | |
| 650 | 7 | |a DISLEXICOS |2 CL-VaPUC |9 340544 | |
| 583 | |a last modification |c 19950707 00:00:00 |k Rodrigo Vera | ||
| 490 | 0 | |a Biblioteca de psicopedagogía Paidós, 8 | |
| 999 | |c 236024 |d 236022 | ||
| 952 | |0 0 |1 0 |4 0 |6 371_914000000000000_GIR_1980 |7 0 |8 P |9 243831 |a BIBEDU |b BIBEDU |c BIBEDU_PB |d 2019-11-18 |i 1530283 |o 371.914 GIR 1980 |p 1530283 |r 2024-01-25 |w 2019-11-18 |y BK |k EDU | ||
| 952 | |0 0 |1 0 |4 0 |6 371_914000000000000_GIR_1980 |7 0 |8 P |9 243832 |a BIBEDU |b BIBEDU |c BIBEDU_PB |d 2019-11-18 |i 1530291 |o 371.914 GIR 1980 |p 1530291 |r 2024-01-25 |w 2019-11-18 |y BK |k EDU | ||
| 952 | |0 0 |1 0 |4 0 |6 371_914000000000000_GIR_1980 |7 0 |8 P |9 243833 |a BIBEDU |b BIBEDU |c BIBEDU_PB |d 2019-11-18 |i 1530461 |o 371.914 GIR 1980 |p 1530461 |r 2024-01-25 |w 2019-11-18 |y BK |k EDU | ||
| 952 | |0 0 |1 0 |4 0 |6 371_914000000000000_GIR_1980 |7 0 |8 P |9 243834 |a BIBEDU |b BIBEDU |c BIBEDU_PB |d 2019-11-18 |i 1602241 |o 371.914 GIR 1980 |p 1602241 |r 2024-01-25 |w 2019-11-18 |y BK |k EDU | ||